Statistics for Geographical Locations starting with S

Click here to take the quiz!

General Stats

  • This quiz has been taken 89 times
  • The average score is 17 of 20

Answer Stats

HintAnswer% Correct
A desert in North Africa
Sahara
100%
The largest Mediterranean island, that is just off the "toe" of Italy's "boot
Sicily
99%
Region comprised of Norway, Sweden, Denmark, Finland, Iceland, and the Faeroe IslandsScandinavia
95%
A country in northwest Europe to the north of England and forming part of the United KingdomScotland
95%
The former name of Ho Chi Minh City, the biggest city of Viet NamSaigon
94%
A canal linking the Mediterranean Sea and the Red Sea{Suez} Canal
94%
The only "S" country in S. AmericaSuriname
94%
A city in Andalusia, Spain which inspired the opera The Barber of ...Seville
93%
The former name of ThailandSiam
92%
The capital city of CaliforniaSacramento
90%
A city in Massachusetts where "witches" were persecutedSalem
89%
Seaport and largest city in the State of Washington, USA. HQ for StarbucksSeattle
89%
The region of Russia in Asia, stretching from the Urals to the Pacific OceanSiberia
89%
An island and region of ItalySardinia
87%
Island nation in East AfricaSeychelles
87%
Subregion comprising Brunei, Cambodia, East Timor, Indonesia, Laos, Malaysia, Myanmar, the Philippines, Singapore, Thailand and Vietnam{Southeast} Asia
87%
The forest in England that Robin Hood was said to patrol{Sherwood} Forest
86%
The name for a constitutionally socialist state in Eurasia that existed from 1922 to 1991The {Soviet} {Union}
73%
The longest river in the British Isles, that flows through Ireland into the Atlantic OceanShannon
54%
Semi-arid region stretching across N. Africa between the Atlantic Ocean and the Red SeaSahel
40%

Score Distribution

Percentile by Number Answered

Percent of People with Each Score

Your Score History

You have not taken this quiz